000 01287 a2200217 4500
001 30795
005 20260407155617.0
008 260407a1970 arg spa d
003 AR-UNSa-BCEJYS
040 _aAR-UNSa-BCEJYS
_bspa
_cAR-UNSa-BCEJYS
080 _a330.101.541
_xMacroeconomía
245 1 0 _aTeoría macroeconomíca
_pconsideración matemática
264 1 _aMadrid :
_bAguilar
_c1970
300 _a515 p.
_c22 cm.
505 _a1. Introducción - 2. Las funciones de consumo y de ahorro - 3. La tecnología de la economía - 4. Las funciones de inversión - 5. La dinámica económica - 6. La teoría macroeconómica clásica - 7. Los modelos Keynesianos - 8. La demanda global - 9. El multiplicador - 10. La acumulación de capital - 11. Modelos simple de crecimiento - 12. Modelos de crecimiento con dos sectores - 13. El progeso técnico - 14. Modelos neoclásicos de crecimiento - 15. Los modelos de generación - 16. Los modelos (Keynesianos) de Kaldor - 17. Modelos basados en el multiplicador y el acelerador - 18. La regulación económica - 19. La teoría del ciclo económico - 20. Modelos de crecimiento cíclico
041 _aspa
942 _cBK
590 _aniveau_biblio:m niveau_hierar:0
100 1 _aBarinaga Blanco, Jose Luis
700 1 _aAllen, R.G.D.
999 _c2124
_d2124